000 00293nam a2200109Ia 4500
008 171211s9999 xx 000 0 und d
245 _aAïkido fondamental
245 _cChristian Tissier
260 _c1983
650 _xMartial Arts
856 _uhttp://down.ebook777.com/053/9782901551102.pdf
999 _c348260
_d348260